| 000 | 00479nam a2200193Ia 4500 | ||
|---|---|---|---|
| 008 | 151121s9999||||xx |||||||||||||| ||und|| | ||
| 082 | _a294।4/JAI | ||
| 082 | _bHNW-36889 | ||
| 100 | _aJain G।R। | ||
| 245 | _aCosmology Old & New | ||
| 260 | _b"Bharatiya Jnanpith Pub।, Bombay।" | ||
| 260 | _c-- | ||
| 300 | _a203 | ||
| 600 | _aJain G।R। | ||
| 630 | _aCosmology Old & New | ||
| 700 | _aJain G।R। | ||
| 730 | _aCosmology Old & New | ||
| 942 | _cBOOK | ||
| 999 |
_c1228607 _d1228604 |
||